000 nam a22 a 4500
999 _c1582
_d1582
005 20170511094557.0
008 170511s1984 ||||| |||| 00| 0 eng d
020 _a0131676350
040 _aAKMAL
082 _a328.73 KEE
090 _a328.73
_bKEE
100 _aKeefe, William J.
_93203
245 0 0 _aCongress and the American people.
250 _a2nd ed.
260 _bPrentice-Hall
_c1984.
300 _ccm
852 _aBritish Library
_bDSC
942 _2ddc
_cBOOK